Iceland all time starting xi - Statistics

General Stats
  • This quiz has been taken 36 times
    7 since last reset
  • The average score is 5 of 11
Answer Stats
Hint Answer % Correct
FW(1996-2016 Eiður Guðjohnsen
83%
MF(2010-2024 Gylfi Sigurðsson
83%
FW(2008- Johann Gudmundsson
83%
DF(2007-2020 Ragnar Sigurðsson
83%
MF(2010-2023 Birki Bjarnason
33%
GK(2010-2021 Hannes Halldórsson
33%
DF(2009-2021 Ari Skúlason
17%
MF(2008- Aron Gunnarsson
17%
DF(2007-2021 Birkir Sævarsson
17%
DF(2005-2021 Kári Árnason
17%
FW(2010-2021 Kolbeinn Sigþórsson
0%
No matching quizzes found
Score Distribution
Percent of People with Each Score
Percentile by Number Answered
Your Score History
You have not taken this quiz since the last reset